| 000 | 00765cam a22002651 4500 | ||
|---|---|---|---|
| 001 | 9817567 | ||
| 003 | GBCCL | ||
| 005 | 20241126110345.0 | ||
| 008 | 720803s1959 nyua b 000 0 eng | ||
| 010 | _a 58011583 | ||
| 035 | _a(OCoLC)372967 | ||
| 040 |
_aDLC _cODaWU _dOCoLC _dDLC |
||
| 042 | _apremarc | ||
| 050 | 0 | 0 |
_aBC108 _b.P28 |
| 082 |
_a160 _bPAR |
||
| 100 | 1 |
_aParker, Francis H. _91072 |
|
| 245 | 1 | 0 |
_aLogic as a human instrument, _cby Francis H. Parker and Henry B. Veatch. |
| 260 |
_aNew York, _bHarper _c[1959] |
||
| 300 |
_a422 p. _billus. _c25 cm. |
||
| 504 | _aIncludes bibliography. | ||
| 650 | 0 |
_aLogic. _91073 |
|
| 700 | 1 |
_aVeatch, Henry Babcock, _ejoint author. _91074 |
|
| 906 |
_a7 _bcbc _coclcrpl _du _encip _f19 _gy-gencatlg |
||
| 942 |
_2ddc _cBK |
||
| 999 |
_c767 _d767 |
||